| 000 | 00000cam 2200000zi 4500 |
| 001 | 9.952440 |
| 003 | CaOODSP |
| 005 | 20260602104620 |
| 006 | m o d f |
| 007 | cr cn |||||||| |
| 008 | 250617t20252025onc o f000 0 fre d |
| 020 | |a9780660778662 |
| 040 | |aCaOODSP|bfre|erda|cCaOODSP |
| 043 | |an-cn--- |
| 086 | 1 |aT94-93/2025F-PDF |
| 245 | 00|aFonds canadien pour les infrastructures liées au logement : |bguide pratique pour mettre en œuvre les exigences climatiques. |
| 246 | 17|aFCIL – guide pratique pour mettre en œuvre les exigences climatiques |
| 264 | 1|aOttawa (Ontario) : |bHousing, Infrastructure and Communities Canada = Logement, infrastructures et collectivités Canada, |c2025. |
| 264 | 4|c©2025 |
| 300 | |a1 ressource en ligne (14 pages) |
| 336 | |atexte|btxt|2rdacontent/fre |
| 337 | |ainformatique|bc|2rdamedia/fre |
| 338 | |aressource en ligne|bcr|2rdacarrier/fre |
| 500 | |aPublié aussi en anglais sous le titre : Canada Housing Infrastructure Fund how-to-guide : implementing climate requirements. |
| 520 | |a« Le Fonds canadien pour les infrastructures liées au logement (FCIL) vise à accélérer la construction et la remise en état d'infrastructures favorisant les logements liés à l'eau potable, aux eaux usées, aux eaux pluviales et aux déchets solides, qui appuient directement la création de nouveaux logements et l'amélioration de la densification. Les investissements du FCIL auront également d'importantes retombées positives, car ils contribueront à rendre les communautés canadiennes plus résilientes face aux changements climatiques futurs et à respecter les engagements pris par le Canada en matière de réduction d’émissions de gaz à effets de serre (GES) »--Introduction, page 4. |
| 650 | 6|aAdaptation aux changements climatiques|xPolitique gouvernementale|zCanada. |
| 650 | 6|aTravaux publics|xAspect de l'environnement|zCanada. |
| 710 | 1 |aCanada. |bLogement, infrastructures et collectivités Canada, |eorganisme de publication. |
| 775 | 08|tCanada Housing Infrastructure Fund how-to-guide : |w(CaOODSP)9.952439 |
| 856 | 40|qPDF|s663 Ko|uhttps://publications.gc.ca/collections/collection_2026/licc-hicc/T94-93-2025-fra.pdf |
| 856 | 4 |qHTML|sS.O.|uhttps://logement-infrastructure.canada.ca/housing-logement/chif-fcil/climate-requirements-guide-exigences-climatiques-fra.html |